Language Quiz

Random Language or Letter Quiz

Word Overlaps Quiz Stats

Quiz Updated Oct 16, 2012

Challenge
Share
Tweet
Embed
Score 0/48 Timer 03:00
0 Plays Today
Clue Word % Correct
Fairy tale monster, Shrek.OGRE (▼RE--)
90.8%
Not on time.LATE (▼TE--)
88.3%
Part of the ear.LOBE (▼BE--)
88.2%
Singing alone.SOLO (▼LO--)
87.8%
Second Greek letter.BETA (▼TA--)
87.7%
____ Stick, jumping toy.POGO (▼GO--)
87.4%
Toy on a string.YOYO (▼YO--)
87.3%
Mexican tortilla snack.TACO (▼CO--)
85.1%
White condiment, for short.MAYO (▼YO--)
83.7%
Physical postures, meditation.YOGA (▼GA--)
83.7%
Group with a shared goal.TEAM (▼AM--)
83.5%
In addition to.ALSO (▼SO--)
83%
Target, purpose, objective.GOAL (▼AL--)
82.3%
Bullets, e.g.AMMO (▼MO--)
81.1%
State of unconsciousness.COMA (▼MA--)
80.7%
Bottom of face.CHIN (▼IN--)
79.3%
After three.FOUR (▼UR--)
78.5%
Festive occasion, celebration.GALA (▼LA--)
77.8%
Take back (on missed payment).REPO (▼PO--)
75.4%
Twelfth of a foot.INCH (▼CH--)
74.1%
Not fat.THIN (▼IN--)
73.7%
Informal conversation.CHAT (▼AT--)
71.1%
Curved entryway structure.ARCH (▼CH--)
70.9%
Specific knowledge or data.INFO (▼FO--)
70.4%
Clue Word % Correct
Smallest component of an element.ATOM (▼OM--)
70.3%
Leave out.OMIT (▼IT--)
67.6%
Military troops.ARMY (▼MY--)
67%
Casting magic spells, sex appeal.MOJO (▼JO--)
66.7%
Tickling sensation of the skin.ITCH (▼CH--)
66.6%
Use an axe to cut.CHOP (▼OP--)
65.7%
Encourage, Persuade.URGE (▼GE--)
65.1%
Legendary story.MYTH (▼TH--)
64.4%
Russian Emperor.TSAR (▼AR--)
62.8%
Drive/Reverse, Kit/Equipment.GEAR (▼AR--)
62.5%
Precious stone.OPAL (▼AL--)
62.3%
Second highest vocal range.ALTO (▼TO--)
61.8%
Makes a quick note.JOTS (▼TS--)
60.1%
Sudden intake of breath.GASP (▼SP--)
49.4%
Heavy book.TOME (▼ME--)
46.4%
Rotated.SPUN (▼UN--)
44.8%
Quantity of medicine.DOSE (▼SE--)
44.7%
Plants grow from this.SEED (▼ED--)
44.5%
Reverse the effects of.UNDO (▼DO--)
44.2%
Revise, correct.EDIT (▼IT--)
43.3%
A thing on a list.ITEM (▼EM--)
43.1%
One million prefix.MEGA (▼GA--)
42.5%
Large flightless birds.EMUS (▼US--)
38%
Drug addict.USER (End)
36.5%

You're not logged in!

Compare scores with friends on all Sporcle quizzes.
Sign Up with Email
OR
Log In

You Might Also Like...

Show Comments

Extras

Top Quizzes Today


Score Distribution

Your Account Isn't Verified!

In order to create a playlist on Sporcle, you need to verify the email address you used during registration. Go to your Sporcle Settings to finish the process.